000 01550nam0a2200373 i 4500
001 RU\NLR\bibl\2020230
005 20260405172956.0
010 _a9785406028346
_9700
021 _aRU
_b2013-21129
_91491
035 _a(nilc)LIBNET\0000329495
035 _a2VIL\RUSMED\0000232408
035 _a(NLR Aleph) 002008497
090 _a4442694
_c4442694
100 _a20130321d2013 k y0rusy50 ca
101 0 _arus
102 _aRU
105 _aa |||||||||
200 1 _aМаркетинг и конкурентоспособность медицинской организации
_fА. И. Романов, В. В. Кеворков
210 _aМосква
_cКНОРУС
_d2013
215 _a358 с.
_cил.
_d21
320 _aБиблиогр.: с. 357-358 (32 назв.)
606 1 _aМедицинские учреждения
_xМаркетинг
_92282586
_3RU\NLR\AUTH\6601595593
606 1 _aМедицинские учреждения
_xКонкурентоспособность
_92282592
_3RU\NLR\AUTH\6601595596
686 1 _aР11(2)л.к
700 1 _4070
_8rus
_7ca
_aРоманов
_bА. И.
_cд-р мед. наук, сомнолог
_gАлександр Иванович
_3RU\NLR\auth\7774428
_957356
701 1 _aКеворков
_bВ. В.
_gВладимир Владимирович
_4070
801 0 _aRU
_bЦНМБ
_c20130321
_gPSBO
801 1 _aRU
_bЦНМБ
_c20130321
801 2 _aRU
_bЦНМБ
_c20130402
_2rusmarc
801 2 _aRU
_bNLR
_c20130408
_grcr
942 _cBOOK
980 _aNBR